| 000 | 00404nam a2200169Ia 4500 | ||
|---|---|---|---|
| 008 | 230711s9999||||xx |||||||||||||| ||und|| | ||
| 020 | _a978-81-265-3565-1 | ||
| 041 | _aENG | ||
| 082 |
_a720.284 _bCH-D |
||
| 100 | _aChing,Francis D.K | ||
| 245 | 0 | _aDesign drawing | |
| 250 | _a2nd Ed. | ||
| 260 |
_c2014 _aNew Delhi _bJohn Wiley & Sons.Inc |
||
| 300 | _a408p. | ||
| 650 | _aArchitecture | ||
| 942 | _cBK | ||
| 999 |
_c6076 _d6076 |
||